[Event "AUTO-OPEN-4627"]
[Site "http://www.queenalice.com/game.php?id=1866254"]
[Date "2025.11.28"]
[Round "1"]
[White "SAMOEL"]
[Black "rmvwoods"]
[Result "1-0"]
[WhiteElo "2049"]
[BlackElo "2097"]

1. e4 e5 2. Nf3 d6 3. Bc4 Be7 4. O-O Bg4 5. h3 Bh5 6. d3 Nf6 7. Qe2 O-O 8. Qe3
h6 9. Nh2 Nbd7 10. Qg3 Kh7 11. Nc3 Nb6 12. Bb3 c6 13. f4 Nbd7 14. Ng4 b5 15.
fxe5 dxe5 16. Nxe5 Nxe5 17. Qxe5 b4 18. Nb1 Bd6 19. Qf5+ Bg6 20. Qf3 Qe7 21. Nd2
Qe5 22. Kf2 Qh2 23. Nc4 Bh5 24. Qf5+ Kh8 25. Bxh6 Bg6 26. Qf3 Bc5+ 27. Ke1 Qc7
28. Bxg7+ Kxg7 29. Qxf6+ Kh6 30. Ne5 Bd4 31. Ng4+ Kh7 32. Qxd4 Qg3+ 33. Rf2 a5
34. Qf6 a4 35. Qg5 1-0

[Event "AUTO-OPEN-4627"]
[Site "http://www.queenalice.com/game.php?id=1866255"]
[Date "2025.11.28"]
[Round "1"]
[White "rmvwoods"]
[Black "Jomaley"]
[Result "1-0"]
[WhiteElo "2099"]
[BlackElo "1471"]

1. e4 e5 2. Nf3 Bd6 3. d4 exd4 4. Nxd4 Bb4+ 5. Bd2 a5 6. Bxb4 axb4 7. Bc4 Nh6 8.
O-O c5 9. Nb5 O-O 10. Nd2 Ra5 11. Nb3 Nc6 12. Nxa5 Nxa5 13. Qe2 d6 14. Rad1 Nxc4
15. Qxc4 Be6 16. Qd3 Bxa2 17. Nxd6 Ng4 18. b3 b6 19. Ra1 Bxb3 20. cxb3 h5 21.
Rfd1 Qg5 22. Ra7 h4 23. Qd5 Qxd5 24. exd5 g5 25. Rb7 h3 26. g3 Nh6 27. Rxb6 1-0

[Event "AUTO-OPEN-4627"]
[Site "http://www.queenalice.com/game.php?id=1866256"]
[Date "2025.11.28"]
[Round "1"]
[White "Jomaley"]
[Black "rmvwoods"]
[Result "0-1"]
[WhiteElo "1469"]
[BlackElo "2101"]

1. e4 e5 2. h4 Nf6 3. Bd3 Bc5 4. Nh3 d6 5. Bb5+ c6 6. Bd3 Be6 7. Qf3 d5 8. Ng5
Bg4 9. Qg3 h6 10. Nf3 Qd6 11. Qxe5+ Qxe5 12. Nxe5 Nbd7 13. Nxg4 Nxg4 14. O-O
dxe4 15. Be2 Ngf6 16. d3 O-O 17. dxe4 Nxe4 18. Kh1 Nxf2+ 19. Rxf2 Bxf2 20. c4
Rfe8 21. Nc3 Bxh4 22. Bg4 Bg3 23. Bd2 Rad8 24. b4 Ne5 25. c5 Nxg4 0-1

[Event "AUTO-MASTER-3290"]
[Site "http://www.queenalice.com/game.php?id=1866516"]
[Date "2025.12.4"]
[Round "1"]
[White "pomar"]
[Black "rmvwoods"]
[Result "0-1"]
[WhiteElo "1899"]
[BlackElo "2126"]

1. f3 d5 2. Kf2 e5 3. e3 f5 4. d4 Nc6 5. Bb5 a6 6. Bxc6+ bxc6 7. dxe5 Bc5 8. Ne2
Ne7 9. c3 O-O 10. Rf1 Ng6 11. f4 Qh4+ 12. Kg1 a5 13. Rf3 Ba6 14. Nd4 Bxd4 15.
Qxd4 Qe1+ 0-1

[Event "AUTO-MASTER-3290"]
[Site "http://www.queenalice.com/game.php?id=1866517"]
[Date "2025.12.4"]
[Round "1"]
[White "rmvwoods"]
[Black "pomar"]
[Result "1-0"]
[WhiteElo "2067"]
[BlackElo "1931"]

1. e4 e6 2. d4 d5 3. e5 c5 4. c3 Qb6 5. Nf3 Nc6 6. b3 cxd4 7. Nxd4 Nxe5 8. Be2
Bc5 9. O-O Nf6 10. Be3 O-O 11. b4 Bxd4 12. Bxd4 Qc7 13. Nd2 Ned7 14. Rc1 e5 15.
Be3 Nb6 16. c4 dxc4 17. Nxc4 Nxc4 18. Bxc4 b6 19. Bd5 Qb8 20. Bxa8 Qxa8 21. a3
Ng4 22. Re1 Be6 23. h3 Nf6 24. Bg5 Nd7 25. Rc7 f6 26. Bh4 Rd8 27. Qc2 Nf8 28.
Qc6 1-0

[Event "AUTO-MASTER-3290"]
[Site "http://www.queenalice.com/game.php?id=1866530"]
[Date "2025.12.4"]
[Round "1"]
[White "rmvwoods"]
[Black "Capixabba789"]
[Result "1-0"]
[WhiteElo "2115"]
[BlackElo "1865"]

1. e4 e5 2. Nf3 d6 3. Bc4 Be7 4. c3 Nf6 5. Ng5 O-O 6. O-O Bg4 7. Qb3 Bh5 8. d3
Nc6 9. Qxb7 Na5 10. Qb5 Nxc4 11. Qxc4 c5 12. Nh3 d5 13. exd5 Qxd5 14. f3 Qxc4
15. dxc4 Rfd8 16. Bg5 h6 17. Be3 a5 18. Nd2 Bg6 19. Nf2 a4 20. Rad1 a3 21. b3
Nh5 22. Nde4 Nf4 23. Rfe1 f5 24. Nxc5 Rxd1 25. Nxd1 Nh5 26. Na4 f4 27. Bc5 Bxc5+
28. Nxc5 Bb1 29. Re2 Rd8 30. Nf2 Nf6 31. b4 g5 32. Nce4 Nxe4 33. fxe4 h5 34. c5
Kg7 35. c6 Rc8 36. b5 g4 37. Rd2 g3 38. hxg3 fxg3 39. Nd1 Bxe4 40. c4 Kg6 41.
Nc3 Bxc6 42. Rd6+ Kf7 43. bxc6 Ke7 44. Rh6 Kf7 45. Nb5 e4 46. Nd6+ Kg7 47. Nxc8
Kxh6 48. Ne7 e3 49. Kf1 h4 50. Nf5+ Kg5 51. Nxh4 1-0

[Event "AUTO-MASTER-3290"]
[Site "http://www.queenalice.com/game.php?id=1866531"]
[Date "2025.12.4"]
[Round "1"]
[White "Capixabba789"]
[Black "rmvwoods"]
[Result "0-1"]
[WhiteElo "1859"]
[BlackElo "2078"]

1. d4 d5 2. Nc3 e6 3. f4 Nc6 4. Nf3 Nf6 5. e3 Bb4 6. Bd2 O-O 7. Bd3 Bd7 8. O-O
h6 9. Ne5 Qe7 10. Ne2 Bxd2 11. Qxd2 Ne4 12. Bxe4 dxe4 13. Ng3 Nxe5 14. fxe5 Bc6
15. c4 Rad8 16. b3 b6 17. Rf4 f5 18. Raf1 g6 19. Ne2 Bb7 20. Nc3 g5 21. R4f2 c5
22. Nb5 cxd4 23. Nxa7 f4 24. Qb2 d3 25. Re1 Qc5 26. exf4 gxf4 27. Qa1 e3 28. Rb2
d2 0-1

[Event "AUTO-MASTER-3290"]
[Site "http://www.queenalice.com/game.php?id=1866532"]
[Date "2025.12.4"]
[Round "1"]
[White "rmvwoods"]
[Black "WHUSIRO"]
[Result "1-0"]
[WhiteElo "2100"]
[BlackElo "1968"]

1. e4 c5 2. Bc4 d6 3. c3 Nc6 4. Nf3 Nf6 5. d3 e6 6. Bg5 Be7 7. O-O O-O 8. Nbd2
h6 9. Be3 a6 10. a3 e5 11. d4 cxd4 12. cxd4 exd4 13. Nxd4 Nd7 14. Nf5 Nce5 15.
Ba2 Nf6 16. Nf3 Bxf5 17. exf5 d5 18. Nxe5 Bd6 19. Nf3 Bc7 20. Qd4 Qd7 21. g4
Nxg4 22. Qxg4 Kh7 23. Rad1 1-0

[Event "AUTO-MASTER-3290"]
[Site "http://www.queenalice.com/game.php?id=1866533"]
[Date "2025.12.4"]
[Round "1"]
[White "WHUSIRO"]
[Black "rmvwoods"]
[Result "1-0"]
[WhiteElo "1985"]
[BlackElo "2102"]

1. e4 e5 2. Nf3 d6 3. d4 exd4 4. Nxd4 Nf6 5. Bd3 Bg4 6. f3 Bh5 7. Bg5 Be7 8. Nf5
O-O 9. Nxe7+ Qxe7 10. O-O Nbd7 11. Nc3 c6 12. Bf4 Rfe8 13. Re1 Ne5 14. Be2 Rad8
15. Bf1 h6 16. a3 Nh7 17. g4 Bg6 18. Bd3 Ng5 19. Bxg5 Qxg5 20. Rf1 h5 21. h3
hxg4 22. fxg4 Qe3+ 23. Kh2 f6 24. Qe2 Qh6 25. Rad1 Kf7 26. Qg2 Qg5 27. Qg3 Rh8
28. Kg2 Rh4 29. Rh1 Rdh8 30. Ne2 Qh6 31. Nf4 Ke7 32. b4 Bf7 33. Bf1 g5 34. Nd3
Nxg4 35. Nf2 Ne5 36. Be2 Be6 37. Bg4 Bxg4 38. hxg4 Qh7 39. a4 Nxg4 40. Qxd6+ Kf7
41. Qd7+ Kg6 42. Qf5+ Kg7 43. Rd7+ Kg8 44. Rxh7 Ne3+ 45. Kg1 Nxf5 46. Rxh8+ Kxh8
47. exf5 Kg7 48. Rxh4 gxh4 49. Kg2 Kh6 50. Ne4 Kh5 51. Kh3 b6 52. Nxf6+ Kg5 53.
Nd7 Kxf5 54. Nxb6 Ke4 55. Nc8 a6 56. Ne7 Kd4 57. Nxc6+ Kc4 58. Kxh4 Kc3 59. b5
1-0

[Event "AUTO-OPEN-4631"]
[Site "http://www.queenalice.com/game.php?id=1867140"]
[Date "2025.12.18"]
[Round "1"]
[White "SGF"]
[Black "rmvwoods"]
[Result "0-1"]
[WhiteElo "1739"]
[BlackElo "2037"]

1. e4 e5 2. Qf3 Nf6 3. d3 Be7 4. Be2 d6 5. Qg3 g6 6. h4 Be6 7. b4 Nc6 8. c3 Qd7
9. h5 Bg4 10. hxg6 fxg6 11. Bg5 Be6 12. Bxf6 Bxf6 13. Nd2 O-O-O 14. Nc4 d5 15.
exd5 Bxd5 16. b5 Ne7 17. Ne3 Qxb5 18. Nxd5 Qxd5 19. c4 Qa5+ 20. Kf1 Nf5 21. Bg4
Kb8 22. Bxf5 gxf5 23. Ne2 Rdg8 24. Qf3 e4 25. dxe4 Bxa1 26. Qxf5 Qxf5 27. exf5
Rg5 28. Ng3 a6 29. a4 Rg4 30. Ke2 Be5 31. Kf3 Rxc4 32. Ne4 Rxa4 33. f6 Rd4 34.
Rh5 Bxf6 35. Nxf6 h6 36. Ke3 Rd6 37. Ne4 Re6 38. Kd4 b6 39. Kd5 Rg6 40. g3 a5
41. f4 Kb7 42. f5 Rgg8 43. f6 Rf8 44. g4 a4 45. g5 hxg5 46. Rxh8 Rxh8 47. Nxg5
Rf8 48. f7 a3 49. Ke6 a2 50. Nh7 Rxf7 51. Kxf7 a1=Q 52. Nf6 b5 53. Ke7 b4 54.
Nd5 Qe5+ 55. Kd7 Qxd5+ 56. Ke8 b3 57. Kf8 Qd7 58. Kg8 b2 59. Kh8 b1=Q 60. Kg8
Qbh7+ 61. Kf8 Qhf7# 0-1

[Event "AUTO-OPEN-4631"]
[Site "http://www.queenalice.com/game.php?id=1867141"]
[Date "2025.12.18"]
[Round "1"]
[White "rmvwoods"]
[Black "SGF"]
[Result "1-0"]
[WhiteElo "2102"]
[BlackElo "1753"]

1. e4 e5 2. Nf3 Qf6 3. d3 h6 4. Be3 d6 5. Nc3 Be7 6. Be2 Qg6 7. g3 h5 8. Nd5 Na6
9. Qd2 c6 10. Nxe7 Nxe7 11. O-O-O Bg4 12. h3 Bxf3 13. Bxf3 b5 14. Qa5 Nc5 15. g4
hxg4 16. Bxg4 f5 17. exf5 Nxf5 18. Qc7 O-O 19. Qxc6 Nxe3 20. fxe3 a5 21. Qxb5
Rfb8 22. Qc4+ Kh7 23. e4 Rb4 24. Qd5 Rab8 25. Bf5 Rxb2 26. Bxg6+ Kxg6 27. Qxd6+
Kh7 28. Qxc5 Rxa2 29. Kd2 Re8 30. Ra1 Rxa1 31. Rxa1 a4 32. Rxa4 Kh6 33. Qc6+ g6
34. Qxe8 Kh5 35. Qxe5+ g5 36. h4 Kxh4 37. Qh2+ Kg4 38. e5+ Kf5 39. Qf2+ Kxe5 40.
Qc5+ Kf6 41. Ra6+ Kg7 42. Qc7+ Kf8 43. Ra8# 1-0

[Event "AUTO-OPEN-4631"]
[Site "http://www.queenalice.com/game.php?id=1867170"]
[Date "2025.12.18"]
[Round "1"]
[White "rmvwoods"]
[Black "ChessColossos"]
[Result "0-1"]
[WhiteElo "2079"]
[BlackElo "1646"]

1. e4 e5 2. Nf3 Nc6 3. Bc4 Nf6 4. Ng5 d5 5. exd5 Nxd5 6. Nxf7 Kxf7 7. Qf3+ Ke6
8. O-O Nd4 9. Qe4 b5 10. Bxd5+ Qxd5 11. Nc3 Qxe4 12. Nxe4 Nxc2 13. Rb1 Bb7 14.
Nc3 a6 15. d3 Bb4 16. Be3 Rhd8 17. Rfd1 Rd7 18. Rd2 Nd4 19. a3 Bxc3 20. bxc3 Nf5
21. Re1 Kf7 22. Bc5 Rad8 23. Red1 Be4 24. d4 exd4 25. g3 Bf3 26. cxd4 Bxd1 27.
Rxd1 Nxd4 0-1

[Event "AUTO-OPEN-4631"]
[Site "http://www.queenalice.com/game.php?id=1867171"]
[Date "2025.12.18"]
[Round "1"]
[White "ChessColossos"]
[Black "rmvwoods"]
[Result "0-1"]
[WhiteElo "1680"]
[BlackElo "2049"]

1. e4 e5 2. Nf3 d6 3. d4 exd4 4. Nxd4 Nf6 5. Nc3 Be7 6. Be2 O-O 7. O-O c5 8. Nf3
Nc6 9. Bg5 Ne5 10. Nxe5 dxe5 11. Qxd8 Bxd8 12. Nd5 Nxd5 13. Bxd8 Nf4 14. Bf3
Rxd8 15. Rfd1 Be6 16. a3 Rd4 17. c3 Rd7 18. Rxd7 Bxd7 19. Rd1 Ba4 20. Rd2 f6 21.
g3 Ne6 22. Bg4 Kf7 23. Bxe6+ Kxe6 24. Kg2 b6 25. h4 Ke7 26. Kf3 Rd8 27. Rxd8
Kxd8 28. Ke3 b5 29. Kd2 a5 30. Ke3 Ke7 31. f4 Ke6 32. f5+ Kf7 33. Kd3 g6 34.
fxg6+ Kxg6 35. Ke3 Kh5 36. Kf2 Kg4 0-1

[Event "AUTO-MASTER-3291"]
[Site "http://www.queenalice.com/game.php?id=1867231"]
[Date "2025.12.18"]
[Round "1"]
[White "chessman"]
[Black "rmvwoods"]
[Result "1/2-1/2"]
[WhiteElo "2132"]
[BlackElo "2104"]

1. e4 e5 2. Nf3 d6 3. d4 exd4 4. Nxd4 Nf6 5. Nc3 Be7 6. Be2 O-O 7. O-O Be6 8.
Nxe6 fxe6 9. Bc4 Qd7 10. f4 Kh8 11. Be3 b5 12. Bxb5 c6 13. Ba4 Qc7 14. Qf3 Nbd7
15. Rad1 e5 16. f5 Rab8 17. Bb3 Nc5 18. Bxc5 dxc5 19. Qe2 Rfd8 20. Rxd8+ Rxd8
21. Rd1 Rd4 22. Rxd4 cxd4 23. Nd1 c5 24. Bc4 g6 25. fxg6 hxg6 26. c3 Kg7 27. b3
a5 28. cxd4 cxd4 29. Nf2 Bb4 30. Ng4 a4 31. Nxf6 Kxf6 32. Qf3+ Kg7 33. h3 axb3
34. axb3 Qb6 35. Qf7+ Kh6 36. Kh2 Qd6 37. Qf3 Qe7 1/2-1/2

[Event "AUTO-MASTER-3291"]
[Site "http://www.queenalice.com/game.php?id=1867232"]
[Date "2025.12.18"]
[Round "1"]
[White "rmvwoods"]
[Black "chessman"]
[Result "0-1"]
[WhiteElo "2109"]
[BlackElo "2134"]

1. e4 e6 2. d4 d5 3. e5 c5 4. c3 cxd4 5. cxd4 Nc6 6. Nf3 Qb6 7. Nc3 Bd7 8. b3
Bb4 9. Bb2 Rc8 10. a3 Bxc3+ 11. Bxc3 Nxe5 12. Bb2 Nxf3+ 13. gxf3 Bb5 14. Bh3 Nf6
15. Qd2 O-O 16. Bc3 Qc7 17. Rc1 Qb6 18. Kd1 Bc6 19. Kc2 Bd7 20. Kb2 Ba4 21. Bb4
a5 22. bxa4 axb4 23. axb4 Nd7 24. Ka3 Qa6 25. Bf1 Qd6 26. Bb5 Nb6 27. f4 Nc4+
28. Bxc4 dxc4 29. Rc3 b5 30. Rhc1 Ra8 31. a5 Rxa5+ 32. Kb2 Qxb4+ 33. Kc2 Ra2+
34. Kd1 Rxd2+ 35. Kxd2 Ra8 36. Rc2 Qd6 37. Ke3 h6 38. f3 Ra3 39. Ke4 b4 40. Rxa3
bxa3 41. Ra2 Qb4 0-1

[Event "AUTO-MASTER-3291"]
[Site "http://www.queenalice.com/game.php?id=1867243"]
[Date "2025.12.18"]
[Round "1"]
[White "rmvwoods"]
[Black "pizzaiolo72"]
[Result "1-0"]
[WhiteElo "2085"]
[BlackElo "2086"]

1. e4 Nf6 2. e5 Nd5 3. d4 d6 4. Nf3 dxe5 5. dxe5 e6 6. Bd3 Nc6 7. O-O g6 8. Bg5
Qd7 9. c4 Nb6 10. Bf6 Rg8 11. Qe2 Nd4 12. Nxd4 Qxd4 13. Nc3 Bg7 14. Ne4 Nd7 15.
Bxg7 Rxg7 16. b3 Nxe5 17. Rad1 f5 18. Ng5 Qg4 19. Qxe5 Re7 20. Qh8+ Kd7 21. Be2+
Kc6 22. Bxg4 fxg4 23. Qf6 1-0

[Event "AUTO-MASTER-3291"]
[Site "http://www.queenalice.com/game.php?id=1867244"]
[Date "2025.12.18"]
[Round "1"]
[White "pizzaiolo72"]
[Black "rmvwoods"]
[Result "1-0"]
[WhiteElo "2097"]
[BlackElo "2051"]

1. e4 e5 2. f4 exf4 3. Nf3 d6 4. Bc4 Be6 5. Qe2 Qd7 6. d4 Bxc4 7. Qxc4 h6 8.
Bxf4 Nc6 9. O-O f6 10. Nc3 O-O-O 11. b4 Nge7 12. a4 d5 13. exd5 Nxd5 14. Nxd5
Qxd5 15. Qxd5 Rxd5 16. c3 g5 17. Bg3 Bg7 18. Rae1 f5 19. c4 Bxd4+ 20. Nxd4 Rxd4
21. b5 Na5 22. Be5 Rdd8 23. Bxh8 Rxh8 24. Rxf5 Nxc4 25. Rc5 Na5 26. Re7 c6 27.
bxc6 Nxc6 28. a5 Kb8 29. Rg7 a6 30. g4 Nd8 31. Rcc7 Ka8 32. Rc8+ Ka7 33. Rd7 Nf7
34. Rcc7 Nd8 35. Rc8 Nf7 36. Rxh8 Nxh8 37. Rh7 Ng6 38. Rxh6 Ne5 39. h3 Nc4 40.
Rg6 Nxa5 41. Rxg5 Nc6 42. h4 a5 43. h5 Nd8 44. Rxa5+ 1-0

[Event "AUTO-OPEN-4632"]
[Site "http://www.queenalice.com/game.php?id=1867477"]
[Date "2025.12.29"]
[Round "1"]
[White "Capixaba789"]
[Black "rmvwoods"]
[Result "0-1"]
[WhiteElo "1855"]
[BlackElo "2105"]

1. d4 d5 2. Nc3 e6 3. f4 Nf6 4. Nf3 Bb4 5. Bd2 O-O 6. e3 c5 7. Be2 cxd4 8. Nxd4
Nc6 9. O-O Bd7 10. Bf3 Rc8 11. Nde2 Qb6 12. Ng3 d4 13. exd4 Nxd4 14. Kh1 Rfd8
15. Qc1 Nxf3 16. Rxf3 Bc6 17. Rd3 Rxd3 18. cxd3 Ng4 19. h3 Nf2+ 20. Kh2 Nxd3 21.
Qc2 Qf2 22. Rg1 Nxf4 0-1

[Event "AUTO-OPEN-4632"]
[Site "http://www.queenalice.com/game.php?id=1867478"]
[Date "2025.12.29"]
[Round "1"]
[White "rmvwoods"]
[Black "Capixaba789"]
[Result "0-1"]
[WhiteElo "2041"]
[BlackElo "1884"]

1. e4 e5 2. Nf3 d6 3. Bc4 Be7 4. c3 Nf6 5. Ng5 d5 6. exd5 Bd6 7. d4 O-O 8. dxe5
Bxe5 9. Nf3 Bd6 10. O-O Bf5 11. Bg5 Nbd7 12. Bb3 Qc8 13. Nbd2 Re8 14. Re1 Ne4
15. c4 Ndc5 16. Bc2 Bg6 17. b4 Nxd2 18. Qxd2 Ne4 19. Bxe4 Bxe4 20. c5 Bf8 21.
Rad1 Bxf3 22. gxf3 Qh3 23. d6 cxd6 24. cxd6 Bxd6 25. Qxd6 Qxf3 26. Rxe8+ Rxe8
27. Bf4 h6 28. Be3 a6 29. Rc1 Rxe3 30. Rc8+ Kh7 31. Qd2 Qg4+ 32. Kf1 Qh3+ 33.
Kg1 Re6 34. Rc3 Rg6+ 0-1

[Event "AUTO-MASTER-3292"]
[Site "http://www.queenalice.com/game.php?id=1867568"]
[Date "2026.1.7"]
[Round "1"]
[White "maurice916"]
[Black "rmvwoods"]
[Result "0-1"]
[WhiteElo "1831"]
[BlackElo "2026"]

1. Nf3 d5 2. b3 Nf6 3. Bb2 Bf5 4. e3 e6 5. Be2 Bb4 6. c3 Bd6 7. O-O Nbd7 8. d4
Qe7 9. c4 c6 10. c5 Bc7 11. b4 O-O 12. Nbd2 e5 13. dxe5 Nxe5 14. Nxe5 Bxe5 15.
Bxe5 Qxe5 16. Nf3 Qe7 17. a4 b6 18. Nd4 Bd7 19. Rc1 bxc5 20. bxc5 a5 21. Rb1
Qxc5 22. Bd3 Rfb8 23. Qd2 Qa7 24. Rbc1 c5 25. Nb5 Qb6 26. Rb1 c4 27. Bc2 Qc5 28.
Nd4 Rb4 29. Rxb4 axb4 30. Bd1 Bxa4 31. Bxa4 Rxa4 32. Rb1 h6 33. Nc2 b3 34. Nd4
Ne4 35. Qe2 Nc3 36. Qb2 Nxb1 37. Qxb1 Qa5 38. Nxb3 cxb3 0-1

[Event "AUTO-MASTER-3292"]
[Site "http://www.queenalice.com/game.php?id=1867569"]
[Date "2026.1.7"]
[Round "1"]
[White "rmvwoods"]
[Black "maurice916"]
[Result "1-0"]
[WhiteElo "2019"]
[BlackElo "1916"]

1. e4 c6 2. d4 d5 3. e5 Bf5 4. Nf3 e6 5. Bd3 Bxd3 6. Qxd3 Nd7 7. O-O c5 8. c3
Qb6 9. b3 Ne7 10. Be3 Nf5 11. Nbd2 cxd4 12. cxd4 Ba3 13. Rad1 O-O 14. Nb1 Nxe3
15. Qxe3 Rac8 16. Nxa3 Qa5 17. b4 Qxb4 18. Qb3 Qxb3 19. axb3 Rc3 20. Nb5 Rxb3
21. Rb1 Rxb1 22. Rxb1 a6 23. Nd6 b5 24. Ra1 Ra8 25. Nd2 f6 26. f4 Kf8 27. Nb3
Nb6 28. Na5 Ke7 29. g3 Ra7 30. Nc6+ 1-0

[Event "AUTO-MASTER-3287"]
[Site "http://www.queenalice.com/game.php?id=1868213"]
[Date "2026.1.20"]
[Round "2"]
[White "rmvwoods"]
[Black "chessman"]
[Result "1-0"]
[WhiteElo "2004"]
[BlackElo "1998"]

1. e4 e6 2. d4 d5 3. e5 c5 4. c3 Nc6 5. Nf3 Qb6 6. Be2 cxd4 7. cxd4 Bb4+ 8. Nbd2
Nxd4 9. O-O Nxe2+ 10. Qxe2 Bxd2 11. Qxd2 Ne7 12. b3 O-O 13. Qd3 Ng6 14. Ba3 Rd8
15. Bd6 f6 16. Qc3 fxe5 17. Bc7 1-0

[Event "AUTO-MASTER-3287"]
[Site "http://www.queenalice.com/game.php?id=1868214"]
[Date "2026.1.20"]
[Round "2"]
[White "chessman"]
[Black "rmvwoods"]
[Result "0-1"]
[WhiteElo "1983"]
[BlackElo "2020"]

1. e4 e5 2. Nf3 d6 3. d4 exd4 4. Nxd4 Nf6 5. Bd3 Bg4 6. f3 Bh5 7. O-O Be7 8. Nf5
O-O 9. Nxe7+ Qxe7 10. Nc3 Nbd7 11. Bg5 Qe5 12. g4 Qxg5 13. Kh1 Bg6 14. Ne2 h5
15. Rg1 hxg4 16. f4 Qh4 17. f5 Bh7 18. Ng3 Ne5 19. Qe2 g6 20. Raf1 Nh5 21. Qf2
Nf3 22. Nxh5 Nxg1 0-1